Southville International School and Colleges
Your cart is empty.
  • Cart
  • Lists
    Public lists Eva Luna New books Lux_list list_1
    Your lists Log in to create your own lists
  • Log in to your account
  • Your cookies
  • Search history
Southville International School and Colleges
  • Advanced search
  • Recent comments
  • Most popular
  • Libraries

Log in to your account

Log in with GOOGLE


If you do not have an external account, but do have a local account, you can still log in:

  1. Home
  2. MARC view: A treasury of wisdom /
Normal view MARC view ISBD view

A treasury of wisdom / (Record no. 8608)

[ view plain ]
MARC details
000 -LEADER
fixed length control field 00536nam a22002057a 4500
003 - CONTROL NUMBER IDENTIFIER
control field OSt
005 - DATE AND TIME OF LATEST TRANSACTION
control field 20140310182033.0
008 - FIXED-LENGTH DATA ELEMENTS--GENERAL INFORMATION
fixed length control field 130814t xxu||||| |||| 00| 0 eng d
020 ## - INTERNATIONAL STANDARD BOOK NUMBER
International Standard Book Number 1840133791
020 ## - INTERNATIONAL STANDARD BOOK NUMBER
International Standard Book Number 9781840133790
050 ## - LIBRARY OF CONGRESS CALL NUMBER
Classification number BD 10
Item number .G447 2001
082 ## - DEWEY DECIMAL CLASSIFICATION NUMBER
Classification number HS 170
Item number G35 2001
100 ## - MAIN ENTRY--PERSONAL NAME
Personal name Gibran, Kahlil
9 (RLIN) 10214
245 ## - TITLE STATEMENT
Title A treasury of wisdom /
Statement of responsibility, etc Kahlil Gibran
260 ## - PUBLICATION, DISTRIBUTION, ETC. (IMPRINT)
Place of publication, distribution, etc United Kingdom :
Name of publisher, distributor, etc Axiom Publishing,
Date of publication, distribution, etc c2001.
300 ## - PHYSICAL DESCRIPTION
Extent 128 p. :
Dimensions 21 cm.
650 ## - SUBJECT ADDED ENTRY--TOPICAL TERM
Topical term or geographic name as entry element Wisdom
9 (RLIN) 10383
942 ## - ADDED ENTRY ELEMENTS (KOHA)
Source of classification or shelving scheme Library of Congress Classification
Koha item type
Holdings
Withdrawn status Lost status Source of classification or shelving scheme Damaged status Home library Current library Shelving location Date acquired Total Checkouts Full call number Barcode Date last seen Copy number Price effective from Koha item type
    Library of Congress Classification   Luxembourg Library Luxembourg Library High School Section 08/14/2013   BD 10 .G447 2001 5711 08/14/2013 1 08/14/2013 Books

A treasury of wisdom /

APA

Gibran K., . (2001). A treasury of wisdom. United Kingdom: Axiom Publishing.

Chicago

Gibran Kahlil, . 2001. A treasury of wisdom. United Kingdom: Axiom Publishing.

Harvard

Gibran K., . (2001). A treasury of wisdom. United Kingdom: Axiom Publishing.

MLA

Gibran Kahlil, . A treasury of wisdom. United Kingdom: Axiom Publishing. 2001.

  • Place hold
  • Print
  • Cite
  • Add to your cart (remove)
  • Save record
    BIBTEX Dublin Core MARCXML MARC (non-Unicode/MARC-8) MARC (Unicode/UTF-8) MARC (Unicode/UTF-8, Standard) MODS (XML) RIS
  • More searches
    Search for this title in:
    Other Libraries (WorldCat) Other Databases (Google Scholar) Online Stores (Bookfinder.com) Open Library (openlibrary.org)

Exporting to Dublin Core...

SOUTHVILLE LIBRARY

Southville International School and Colleges Library

1281 Tropical Ave. Cor. Luxembourg St., BF Homes International, Las Pinas City

Tel. No. 8256374 / 252358 Loc. 117/146

Powered by Koha